| 000 | 00517pam a2200193 a 4500 | ||
|---|---|---|---|
| 020 | _c | ||
| 040 | _aMedical College Lib. | ||
| 041 |
_aENG _hENG |
||
| 082 |
_a617.71 _bKOE |
||
| 100 | _aKoevary, Steven B. . | ||
| 245 |
_aOcular Immunology in Health & Disease / _c _hTextual Documents |
||
| 260 |
_aNew Delhi : _bButterworth Heinemann , _c1999. |
||
| 300 |
_a134 ; _c |
||
| 365 | _a2,307=00 | ||
| 653 | _aMedical Science | ||
| 930 | _a3334 | ||
| 999 |
_c3333 _d3333 |
||